Plasma-chemical conversion of methane: a review; Radiation Effects and Defects in Solids; Vol. XX

Bibliographic Details
Parent link:Radiation Effects and Defects in Solids.— .— London: Taylor & Francis Group
Vol. XX.— 2025.— 34 p.
Other Authors: Kholodnaya G. E. Galina Evgenievna, Ponomarev D. V. Denis Vladimirovich, Lapteva O. P. Olga Pavlovna, Sazonov R. V. Roman Vladimirovich
Summary:Title screen
The development of energy-saving, environmentally friendly methods for methane (CH4) conversion is a topical issue of modern science. This is determined by both the practical need to produce hydrogen, which is widely used today, and the fundamental need to understand the processes that occur during the implementation of a particular conversion method. The paper presents the main plasma-chemical methods for methane conversion. Particular attention is paid to methods where pulsed electron beams are used as plasma sources. The methane conversion methods were compared in several categories: energy consumption for CH4 decomposition, degree of conversion, synthesis selectivity. This review contains useful information for specialists involved in the development of methods for producing hydrogen
Текстовый файл
AM_Agreement
Language:English
Published: 2025
Subjects:
Online Access:https://doi.org/10.1080/10420150.2025.2467361
Format: Electronic Book Chapter
KOHA link:https://koha.lib.tpu.ru/cgi-bin/koha/opac-detail.pl?biblionumber=679654

MARC

LEADER 00000naa0a2200000 4500
001 679654
005 20250414113505.0
090 |a 679654 
100 |a 20250414d2025 k||y0rusy50 ba 
101 0 |a eng 
102 |a GB 
135 |a drcn ---uucaa 
181 0 |a i   |b  e  
182 0 |a b 
183 0 |a cr  |2 RDAcarrier 
200 1 |a Plasma-chemical conversion of methane: a review  |f Galina Kholodnaya, Denis Ponomarev, Olga Lapteva, Roman Sazonov 
203 |a Текст  |b визуальный  |c электронный 
283 |a online_resource  |2 RDAcarrier 
300 |a Title screen 
320 |a References: 97 tit 
330 |a The development of energy-saving, environmentally friendly methods for methane (CH4) conversion is a topical issue of modern science. This is determined by both the practical need to produce hydrogen, which is widely used today, and the fundamental need to understand the processes that occur during the implementation of a particular conversion method. The paper presents the main plasma-chemical methods for methane conversion. Particular attention is paid to methods where pulsed electron beams are used as plasma sources. The methane conversion methods were compared in several categories: energy consumption for CH4 decomposition, degree of conversion, synthesis selectivity. This review contains useful information for specialists involved in the development of methods for producing hydrogen 
336 |a Текстовый файл 
371 0 |a AM_Agreement 
461 1 |t Radiation Effects and Defects in Solids  |c London  |n Taylor & Francis Group 
463 1 |t Vol. XX  |v 34 p.  |d 2025 
610 1 |a электронный ресурс 
610 1 |a труды учёных ТПУ 
610 1 |a Plasma-chemical conversion 
610 1 |a electron beams 
610 1 |a methane 
701 1 |a Kholodnaya  |b G. E.  |c electrophysicist  |c Associate Scientist of Tomsk Polytechnic University, candidate of technical Sciences  |f 1986-  |g Galina Evgenievna  |9 16585 
701 1 |a Ponomarev  |b D. V.  |c physicist  |c Senior researcher of Tomsk Polytechnic University, Candidate of technical sciences  |f 1981-  |g Denis Vladimirovich  |9 16588 
701 1 |a Lapteva  |b O. P.  |c linguist  |c Interpreter of Tomsk Polytechnic University  |f 1979-  |g Olga Pavlovna  |9 22583 
701 1 |a Sazonov  |b R. V.  |c physicist  |c senior researcher of Tomsk Polytechnic University, candidate of physico-mathematical Sciences  |f 1984-  |g Roman Vladimirovich  |9 16584 
801 0 |a RU  |b 63413507  |c 20250414 
850 |a 63413507 
856 4 |u https://doi.org/10.1080/10420150.2025.2467361  |z https://doi.org/10.1080/10420150.2025.2467361 
942 |c CF